Missing Word: American Revolution (A-Z) Quiz Stats

 Plays Quiz Updated Jun 9, 2017

Support Sporcle.
Go Orange.
Score 0/22 Timer 05:00
1 Play Today
Hint #1 Word % Correct
_____ of IndependenceDeclaration
94.2%
Benedict _____Arnold
94.2%
Boston _____ PartyTea
94.2%
George _____Washington
92.3%
Battle of _____ HillBunker
91.5%
Benjamin _____Franklin
88.7%
Paul _____Revere
87.8%
_____ ForgeValley
85.7%
Boston _____Massacre
81.3%
John Paul _____Jones
79%
Battles of _____ and ConcordLexington
78.8%
Hint #1 Word % Correct
Treaty of _____Paris
74%
Nathan _____Hale
72.1%
_____ AllenEthan
70.7%
_____ GreeneNathanael
59.9%
Battle of _____Yorktown
58.2%
Battle of _____Saratoga
40.2%
Charles _____Cornwallis
39.9%
_____ ActsIntolerable
37.9%
_____ ActQuartering
35%
Henry _____Knox
27.6%
_____ AffairGaspee
8.7%

Today's Daily Dose

You're not logged in!

Compare scores with friends on all Sporcle quizzes.
OR
Log In
Forgot?

From the Vault

Oh No, O Not 0!!

by MSUKent

We've never trusted the number 0, it's always causing trouble.
Remove Ads.
Support Sporcle.
Get the best of Sporcle when you Go Orange. This ad-free experience offers more features, more stats, and more fun while also helping to support Sporcle. Thank you for becoming a member.

Show Comments

Extras

Top Quizzes Today


Score Distribution

Your Account Isn't Verified!

In order to create a playlist on Sporcle, you need to verify the email address you used during registration. Go to your Sporcle Settings to finish the process.

Report this User

Report this user for behavior that violates our Community Guidelines.

Details: